Köppen Climate Zones - Statistics

General Stats
  • This quiz has been taken 65 times
  • The average score is 19 of 31
Answer Stats
Hint Answer % Correct
Group A: Tropical/Megathermal Tropical Rainforest (Af)
94%
Group E: Polar Ice Cap (EF)
78%
Group A: Tropical/Megathermal Tropical Monsoon (Am)
78%
Group B: Arid Cold Desert (BWk)
76%
Group B: Arid Hot Desert (BWh)
76%
Group E: Polar Tundra/Alpine (ET)
76%
Group C: Temperate/Mesothermal Humid Subtropical (Cfa)
72%
Group C: Temperate/Mesothermal Oceanic (Cfb)
72%
Group A: Tropical/Megathermal Dry Winter Tropical Savanna (Aw)
68%
Group B: Arid Hot Semi-Arid (BSh)
68%
Group B: Arid Cold Semi-Arid (BSk)
66%
Group A: Tropical/Megathermal Dry Summer Tropical Savanna (As)
66%
Group D: Continental/Microthermal Subarctic (Dfc)
66%
Group C: Temperate/Mesothermal Subpolar Oceanic (Cfc)
62%
Group C: Temperate/Mesothermal Hot-Summer Mediterranean (Csa)
60%
Group D: Continental/Microthermal Warm-Summer Humid Continental (Dfb)
60%
Group D: Continental/Microthermal Hot-Summer Humid Continental (Dfa)
58%
Group C: Temperate/Mesothermal Cold-Summer Mediterranean (Csc)
56%
Group C: Temperate/Mesothermal Dry-Winter Subtropical Highland (Cwb)
56%
Group C: Temperate/Mesothermal Warm-Summer Mediterranean (Csb)
56%
Group C: Temperate/Mesothermal Dry-Winter Cold Subtropical Highland (Cwc)
54%
Group C: Temperate/Mesothermal Dry-Winter Humid Subtropical (Cwa)
54%
Group D: Continental/Microthermal Subarctic Dry-Winter (Dwc)
54%
Group D: Continental/Microthermal Hot-Summer Dry-Winter Humid Continental (Dwa)
52%
Group D: Continental/Microthermal Hot-Summer Dry-Summer Humid Continental (Dsa)
50%
Group D: Continental/Microthermal Subarctic Dry-Summer (Dsc)
50%
Group D: Continental/Microthermal Subarctic Severe-Winter (Dfd)
48%
Group D: Continental/Microthermal Warm-Summer Dry-Summer Humid Continental (Dsb)
48%
Group D: Continental/Microthermal Warm-Summer Dry-Winter Humid Continental (Dwb)
48%
Group D: Continental/Microthermal Subarctic Dry-Summer Severe-Winter (Dsd)
46%
Group D: Continental/Microthermal Subarctic Dry-Winter Severe-Winter (Dwd)
46%
No matching quizzes found
Score Distribution
Percent of People with Each Score
Percentile by Number Answered
Your Score History
You have not taken this quiz